Kto wykonywał ten utwór? #1 - Statystyki

Ogólne statystyki
  • Ten quiz został rozwiązany 39 razy
  • Średni wynik to 12 z 35
Statystyki odpowiedzi
Tytuł Wykonawca % Poprawnych
"Bohemian Rhapsody" Queen
80%
"Wehikuł czasu" Dżem
71%
"Bałkanica" Piersi
71%
"Stacja Warszawa" Lady Pank
66%
"Shallow" Lady Gaga/Bradley Cooper
63%
"Hey Jude" The Beatles
60%
"Smells like teen spirit" Nirvana
54%
"Ostatnia nocka" Maciej Maleńczuk
51%
"Stairway to heaven" Led Zeppelin
46%
"Szare miraże" Maanam
43%
"Mój jest ten kawałek podłogi" Mr. Zoob
43%
"Mama ostrzegała" Daj to glośniej
40%
"Zitti e buoni" Maneskin
40%
"Arahja" Kult
37%
"Shape of my heart" Sting
37%
"God's plan" Drake
31%
"Tears in heaven" Eric Clapton
31%
"Gladiator" Jann
31%
"One" U2
31%
"River" Krystian Ochman
29%
"Someone You Loved" Lewis Capaldi
29%
"Lost on you" LP
26%
"Czas nie będzie na nas czekał" Blue Cafe
23%
"Dreamer" Ozzy Osbourne
23%
"Motyle i ćmy" Sarsa
23%
"W domach z betonu" Martyna Jakubowicz
20%
Błękitna rapsodia George Gershwin
17%
"To co w życiu ważne" Krzysztof Krawczyk
17%
"Venom" Eminem
14%
„Hall of the Mountain King” (W grocie króla gór) Edward Grieg
11%
"No Surprises" Radiohead
11%
"Schiza" Agnieszka Chylińska
9%
"Alexander" Myslovitz
9%
"Clair de lune" Claude Debussy
6%
"Cwał Walkirii" Ryszard Wagner
6%
Nie znaleziono quizów pasujących do podanych kryteriów
Rozkład punktacji
Procent ludzi z każdym wynikiem
Percentyl według liczby udzielonych odpowiedzi
Twoja historia wyników
Nie rozwiązałeś tego quizu